[Event "2. Bundesliga Mitte 2010/11"]
[Site "Gleisdorf"]
[Date "2010.10.16"]
[Round "1"]
[Board "1"]
[White "Weiss, Christian"]
[Black "Kozul, Zdenko"]
[Result "0-1"]
[WhiteElo "2417"]
[BlackElo "2604"]
[PlyCount "143"]
[EventDate "2010.10.16"]
[EventType "team"]
[EventRounds "11"]
[EventCountry "AUT"]
[WhiteTeam "Union Ansfelden"]
[BlackTeam "ZH-Technologies-Wolfsberg"]

1.Nf3 Nf6 2.c4 g6 3.b4 Bg7 4.Bb2 O-O 5.e3 d6 6.Be2 e5 7.d4 e4 8.Nfd2 h5 9.Nc3
Re8 10.h3 h4 11.Qb3 Nbd7 12.O-O-O c6 13.Kb1 Nf8 14.Ka1 N8h7 15.Ndb1 d5 16.b5 Ng5
17.Nd2 Be6 18.bxc6 bxc6 19.Qa4 Bd7 20.Nb3 Ne6 21.Qa5 Bf8 22.c5 Qe7 23.Rb1 Bg7
24.Bc1 Reb8 25.Bd2 Ne8 26.Rhd1 N8c7 27.Rb2 f5 28.Qa4 a6 29.Qa5 Qg5 30.Bf1 Bf6
31.Na4 Nb5 32.Nb6 Bd8 33.a4 Na3 34.Qb4 Nc4 35.Bxc4 dxc4 36.Na5 Nc7 37.Qxc4+ Be6
38.Qf1 Bd5 39.Nxa8 Rxa8 40.Nc4 Bxc4 41.Qxc4+ Nd5 42.Rg1 Kf8 43.Qe2 Bc7 44.f3 Qe7
45.f4 a5 46.g4 hxg3 47.Rxg3 Qf7 48.Rg1 Kg7 49.h4 Kh6 50.Qc4 Bd8 51.Qb3 Ra7
52.Be1 Bf6 53.Rbg2 Rb7 54.Rxg6+ Kh7 55.Qc4 Nxe3 56.Qxf7+ Rxf7 57.Bc3 Nd5 58.Bb2
Nxf4 59.Rxf6 Rxf6 60.d5 Rf7 61.dxc6 Ne6 62.Re1 Rc7 63.Rf1 f4 64.Be5 Rxc6 65.Bxf4
Rxc5 66.Bd2 Rd5 67.Bc3 Nc5 68.Rf7+ Kg6 69.Ra7 Nxa4 70.Bxa5 Nc5 71.Bb4 Nd3 72.Bd2
{and black wins at move 89!} 0-1

[Event "2. Bundesliga Mitte 2010/11"]
[Site "Gleisdorf"]
[Date "2010.10.16"]
[Round "1"]
[Board "2"]
[White "Jovanovic, Zoran"]
[Black "Ennsberger, Ulrich"]
[Result "1-0"]
[WhiteElo "2520"]
[BlackElo "2365"]
[PlyCount "75"]
[EventDate "2010.10.16"]
[EventType "team"]
[EventRounds "11"]
[EventCountry "AUT"]
[WhiteTeam "ZH-Technologies-Wolfsberg"]
[BlackTeam "Union Ansfelden"]

1.e4 c6 2.d4 d5 3.Nc3 b5 4.a3 dxe4 5.Nxe4 Nf6 6.Nxf6+ exf6 7.c3 Bd6 8.Bd3 O-O
9.Qc2 Re8+ 10.Ne2 h6 11.O-O Qc7 12.Ng3 Be6 13.Bd2 Nd7 14.a4 a6 15.b3 Bf4 16.c4
bxc4 17.bxc4 a5 18.Bxf4 Qxf4 19.Ne2 Qc7 20.Rfb1 Rab8 21.Nc3 Nb6 22.Ne4 Red8
23.Nc5 Qa7 24.Qc3 Nd7 25.Nxe6 fxe6 26.Be4 e5 27.d5 Nc5 28.Qe3 Rb4 29.Rxb4 axb4
30.dxc6 Rd4 31.Bd5+ Kf8 32.h3 b3 33.Qc3 Ke8 34.a5 Kd8 35.Qb4 Kc7 36.Rb1 Rf4
37.Rxb3 Kd6 38.Rb1 1-0

[Event "2. Bundesliga Mitte 2010/11"]
[Site "Gleisdorf"]
[Date "2010.10.16"]
[Round "1"]
[Board "3"]
[White "Knoll, Hermann"]
[Black "Steflitsch, Erich"]
[Result "1-0"]
[WhiteElo "2382"]
[BlackElo "2367"]
[PlyCount "53"]
[EventDate "2010.10.16"]
[EventType "team"]
[EventRounds "11"]
[EventCountry "AUT"]
[WhiteTeam "Union Ansfelden"]
[BlackTeam "ZH-Technologies-Wolfsberg"]

1.d4 Nf6 2.c4 e6 3.Nc3 d5 4.Nf3 Be7 5.Bf4 O-O 6.e3 Nbd7 7.a3 c6 8.h3 a6 9.c5 b6
10.b4 bxc5 11.bxc5 Ne4 12.Nxe4 dxe4 13.Ne5 Nxe5 14.Bxe5 f6 15.Bg3 Qa5+ 16.Qd2
Qxd2+ 17.Kxd2 e5 18.Bc4+ Kh8 19.Rab1 Rd8 20.Kc3 Ra7 21.Rb6 Rad7 22.Rxc6 exd4+
23.exd4 Rxd4 24.Bc7 R8d7 25.Rb1 Bd8 26.Bd6 Bb7 27.Rxb7 1-0

[Event "2. Bundesliga Mitte 2010/11"]
[Site "Gleisdorf"]
[Date "2010.10.16"]
[Round "1"]
[Board "4"]
[White "Wegerer, Fred"]
[Black "Felsberger, Alfred"]
[Result "0-1"]
[WhiteElo "2218"]
[BlackElo "2370"]
[PlyCount "53"]
[EventDate "2010.10.16"]
[EventType "team"]
[EventRounds "11"]
[EventCountry "AUT"]
[WhiteTeam "ZH-Technologies-Wolfsberg"]
[BlackTeam "Union Ansfelden"]

1.c4 e6 2.Nf3 Nf6 3.g3 b6 4.Bg2 Bb7 5.O-O Be7 6.Nc3 O-O 7.d4 Ne4 8.Nxe4 Bxe4
9.b3 d6 10.Bb2 Nd7 11.Qd2 a5 12.Rfd1 Nf6 13.Rac1 h6 14.Qe3 Qb8 15.d5 Bxf3
16.Qxf3 e5 17.a4 Nd7 18.g4 Qd8 19.Rc3 Bf6 20.e4 Re8 21.Bc1 Nf8 22.Bf1 Ng6 23.Be3
Bg5 24.Rb1 Bf4 25.Qh3 Nh4 26.Bxf4 exf4 27.f3 {and black wins at move 54!} 0-1

[Event "2. Bundesliga Mitte 2010/11"]
[Site "Gleisdorf"]
[Date "2010.10.16"]
[Round "1"]
[Board "5"]
[White "Moser, Guenter"]
[Black "Waldmann, Gerald"]
[Result "1-0"]
[WhiteElo "2355"]
[BlackElo "2212"]
[PlyCount "111"]
[EventDate "2010.10.16"]
[EventType "team"]
[EventRounds "11"]
[EventCountry "AUT"]
[WhiteTeam "Union Ansfelden"]
[BlackTeam "ZH-Technologies-Wolfsberg"]

1.d4 Nf6 2.c4 c5 3.d5 b5 4.cxb5 a6 5.bxa6 Bxa6 6.Nc3 d6 7.g3 g6 8.Nf3 Nbd7 9.Bg2
Nb6 10.O-O Bc4 11.Nd2 Bg7 12.Nxc4 Nxc4 13.Qb3 Na5 14.Qc2 O-O 15.b3 c4 16.Bd2 Qb8
17.Rab1 cxb3 18.axb3 Rc8 19.Rfc1 Ra7 20.Qd1 Rb7 21.Na2 Rxc1 22.Nxc1 Rb5 23.e4
Nc4 24.Bc3 Ne5 25.Qe2 Ned7 26.b4 Ne8 27.Bf1 Rb7 28.Bxg7 Kxg7 29.Nd3 Nc7 30.Kg2
Kg8 31.Qc2 Nb5 32.Rc1 Rc7 33.Qb2 Rxc1 34.Nxc1 Qb6 35.Nb3 Ne5 36.h3 Nc7 37.Nd4
Na6 38.Nb5 Nb8 39.Qc3 Na6 40.Qc8+ Kg7 41.Qc3 Kg8 42.Be2 h5 43.Kf1 Qb7 44.Ke1 Qb6
45.Kf1 Qb7 46.Kg2 f5 47.f4 Nf7 48.Qc6 Nd8 49.Qe8+ Kg7 50.Qxd8 fxe4 51.Qa5 Qxd5
52.Qxa6 e3+ 53.Kh2 Qd2 54.Qa1+ e5 55.Qd1 Qxb4 56.Qxd6 1-0

[Event "2. Bundesliga Mitte 2010/11"]
[Site "Gleisdorf"]
[Date "2010.10.16"]
[Round "1"]
[Board "6"]
[White "Toefferl, Heimo"]
[Black "Hellmayr, Alois"]
[Result "0-1"]
[WhiteElo "2126"]
[BlackElo "2235"]
[PlyCount "90"]
[EventDate "2010.10.16"]
[EventType "team"]
[EventRounds "11"]
[EventCountry "AUT"]
[WhiteTeam "ZH-Technologies-Wolfsberg"]
[BlackTeam "Union Ansfelden"]

1.d4 Nf6 2.c4 e6 3.Nc3 Bb4 4.e3 O-O 5.Bd3 d5 6.Nge2 b6 7.cxd5 exd5 8.O-O Bb7
9.Ng3 Re8 10.Bd2 Bf8 11.Re1 c5 12.Rc1 Nbd7 13.Nce2 c4 14.Bb1 b5 15.Qc2 g6 16.Kh1
a5 17.Rf1 b4 18.Rce1 Ra6 19.f4 Ng4 20.Ng1 a4 21.Rf3 b3 22.axb3 cxb3 23.Qd1 Ngf6
24.Nh3 Ne4 25.Bxe4 dxe4 26.Rf2 f5 27.Ne2 Nb6 28.Nc3 Nd5 29.g3 Nxc3 30.Bxc3 Bd5
31.Rg2 h5 32.Qd2 Qb6 33.Nf2 Rea8 34.h3 a3 35.bxa3 Rxa3 36.Nd1 Ra2 37.Nb2 Kf7
38.Kh2 Be7 39.Reg1 Rc8 40.Rc1 Qa6 41.g4 hxg4 42.hxg4 Rh8+ 43.Kg1 Rh3 44.gxf5
gxf5 45.Rg7+ Kxg7 0-1

[Event "2. Bundesliga Mitte 2010/11"]
[Site "Gleisdorf"]
[Date "2010.10.16"]
[Round "1"]
[Board "1"]
[White "Nemeth, Miklos"]
[Black "Lenic, Luka"]
[Result "0-1"]
[WhiteElo "2454"]
[BlackElo "2603"]
[PlyCount "104"]
[EventDate "2010.10.16"]
[EventType "team"]
[EventRounds "11"]
[EventCountry "AUT"]
[WhiteTeam "SV Steyregg"]
[BlackTeam "SV Raika Rapid Feffernitz"]

1.e4 c6 2.d4 d5 3.f3 g6 4.Nc3 Bg7 5.e5 Nh6 6.f4 f6 7.Nf3 Bg4 8.Be3 Qb6 9.Qd2 Nf5
10.Na4 Qc7 11.Nc5 Nxe3 12.Qxe3 O-O 13.Be2 Nd7 14.Nd2 Nxc5 15.Bxg4 Na6 16.O-O Bh6
17.Qc3 f5 18.Be2 Nb8 19.Nb3 Nd7 20.Qh3 Bg7 21.Qh4 e6 22.c4 a5 23.Qf2 a4 24.Nd2
Rfe8 25.Rac1 Nb6 26.c5 Nd7 27.Rc3 b6 28.cxb6 Qxb6 29.Nf3 Qxb2 30.Rxc6 Qxa2
31.Rfc1 a3 32.Rc7 Qb2 33.R7c2 Qb4 34.Bf1 Bf8 35.Ne1 Qa4 36.Nd3 Reb8 37.Ra2 Rc8
38.Rb1 Rab8 39.Rba1 Rc3 40.Ne1 Be7 41.Qd2 Rcb3 42.Qd1 Qb4 43.Nc2 Qc3 44.Rc1 Rb2
45.Raa1 a2 46.Ne1 Qb4 47.Nd3 Qxd4+ 48.Kh1 Ba3 49.Nxb2 Qxd1 50.Rxd1 Rxb2 51.Re1
Bb4 52.Re2 Bd2 0-1

[Event "2. Bundesliga Mitte 2010/11"]
[Site "Gleisdorf"]
[Date "2010.10.16"]
[Round "1"]
[Board "2"]
[White "Sebenik, Matej"]
[Black "Gergacz, Attila"]
[Result "1-0"]
[WhiteElo "2516"]
[BlackElo "2425"]
[PlyCount "91"]
[EventDate "2010.10.16"]
[EventType "team"]
[EventRounds "11"]
[EventCountry "AUT"]
[WhiteTeam "SV Raika Rapid Feffernitz"]
[BlackTeam "SV Steyregg"]

1.d4 d5 2.c4 c6 3.Nf3 Nf6 4.Nc3 e6 5.e3 Nbd7 6.Qc2 Be7 7.Bd3 c5 8.cxd5 exd5 9.b3
O-O 10.O-O cxd4 11.Nxd4 Nc5 12.Ba3 Nxd3 13.Bxe7 Qxe7 14.Qxd3 Be6 15.Rac1 Rac8
16.Rc2 Rc5 17.Rfc1 a6 18.Nce2 Rfc8 19.Nf4 Bd7 20.h3 g5 21.Rxc5 Rxc5 22.Rxc5 Qxc5
23.Nfe2 Ne4 24.f3 Nd6 25.Nc3 Bc6 26.Kf2 Bd7 27.g4 b5 28.Nde2 Be6 29.Qd4 Qxd4
30.Nxd4 b4 31.Na4 Nb7 32.Nb6 Kf8 33.f4 gxf4 34.exf4 Ke7 35.f5 Bd7 36.Nxd5+ Kd6
37.Nxb4 a5 38.Nd3 a4 39.Ke3 axb3 40.axb3 Kd5 41.Nf4+ Kd6 42.Nh5 Ke7 43.g5 Nd6
44.Kf4 Bc8 45.Nf6 Bb7 46.h4 1-0

[Event "2. Bundesliga Mitte 2010/11"]
[Site "Gleisdorf"]
[Date "2010.10.16"]
[Round "1"]
[Board "3"]
[White "Webersberger, Johann"]
[Black "Diermair, Andreas"]
[Result "1/2-1/2"]
[WhiteElo "2368"]
[BlackElo "2354"]
[PlyCount "151"]
[EventDate "2010.10.16"]
[EventType "team"]
[EventRounds "11"]
[EventCountry "AUT"]
[WhiteTeam "SV Steyregg"]
[BlackTeam "SV Raika Rapid Feffernitz"]

1.Nf3 Nf6 2.c4 c6 3.b3 d5 4.Bb2 Bg4 5.e3 Nbd7 6.Be2 e6 7.h3 Bh5 8.Nc3 Bd6 9.O-O
O-O 10.Rc1 e5 11.cxd5 Nxd5 12.d3 Qe7 13.Nd2 Bg6 14.Nc4 Bb4 15.Nb1 Qe6 16.a3 Be7
17.b4 f5 18.Nbd2 Bf6 19.Na5 Rab8 20.Qb3 Bf7 21.Bf3 Qe7 22.Qc2 Be6 23.Rfe1 Kh8
24.Nac4 Qf7 25.Kh1 Qg6 26.e4 Nf4 27.Ne3 Rbd8 28.exf5 Bxf5 29.Nxf5 Qxf5 30.Be4
Qh5 31.Qd1 Qh6 32.Nf3 Nb6 33.Nh2 Nbd5 34.Qg4 Rde8 35.Rcd1 Bd8 36.Bxd5 Nxd5
37.Bxe5 Bf6 38.Bxf6 Qxf6 39.Nf3 h6 40.d4 Nc3 41.Rc1 Nd5 42.Ne5 Kg8 43.f3 Qd6
44.Qd7 Qxd7 45.Nxd7 Rxe1+ 46.Rxe1 Rd8 47.Nc5 b6 48.Nd3 Nf6 49.Ne5 Rxd4 50.Nxc6
Rd3 51.a4 Ra3 52.a5 bxa5 53.bxa5 Nd5 54.Re5 Nf4 55.Nxa7 g5 56.Nc6 Ra1+ 57.Kh2
Ra2 58.Nb4 Rxg2+ 59.Kh1 Rb2 60.a6 Rxb4 61.Re8+ Kg7 62.a7 Rb1+ 63.Kh2 Rb2+ 64.Kg1
Nxh3+ 65.Kf1 Rf2+ 66.Ke1 Ra2 67.a8=Q Rxa8 68.Rxa8 h5 69.Ra4 Kg6 70.Ke2 h4 71.Ke3
Kf6 72.Ra6+ Kf5 73.Ra5+ Kf6 74.Ra2 Kf5 75.Rb2 Ke5 76.Rb5+ 1/2-1/2

[Event "2. Bundesliga Mitte 2010/11"]
[Site "Gleisdorf"]
[Date "2010.10.16"]
[Round "1"]
[Board "4"]
[White "Perhinig, Robert"]
[Black "Enoeckl, Philipp"]
[Result "1/2-1/2"]
[WhiteElo "2262"]
[BlackElo "2285"]
[PlyCount "73"]
[EventDate "2010.10.16"]
[EventType "team"]
[EventRounds "11"]
[EventCountry "AUT"]
[WhiteTeam "SV Raika Rapid Feffernitz"]
[BlackTeam "SV Steyregg"]

1.d4 Nf6 2.Bg5 c5 3.d5 Ne4 4.Bf4 e6 5.f3 Bd6 6.Bxd6 Nxd6 7.Nh3 f5 8.Nc3 O-O 9.e3
b6 10.dxe6 dxe6 11.Qd2 Qh4+ 12.g3 Qe7 13.Nb5 Nf7 14.Bg2 Nc6 15.O-O Bb7 16.Rfd1
Rad8 17.Qe2 a6 18.Na3 b5 19.c3 c4 20.f4 e5 21.Nc2 Nd6 22.Rd5 Kh8 23.Ng5 Ne4
24.Bxe4 fxe4 25.Qh5 h6 26.Rxd8 Nxd8 27.Rd1 exf4 28.exf4 Kg8 29.Nh3 Ne6 30.Qe5
Qf7 31.Nf2 Rd8 32.Rxd8+ Nxd8 33.Nd4 Nc6 34.Nxc6 Bxc6 35.Kf1 Kh7 36.Ke2 Qg6 37.h4
1/2-1/2

[Event "2. Bundesliga Mitte 2010/11"]
[Site "Gleisdorf"]
[Date "2010.10.16"]
[Round "1"]
[Board "5"]
[White "Kubinger, Thomas"]
[Black "Arztmann, Wolfgang"]
[Result "0-1"]
[WhiteElo "2227"]
[BlackElo "2164"]
[PlyCount "54"]
[EventDate "2010.10.16"]
[EventType "team"]
[EventRounds "11"]
[EventCountry "AUT"]
[WhiteTeam "SV Steyregg"]
[BlackTeam "SV Raika Rapid Feffernitz"]

1.d4 d5 2.c4 e6 3.Nf3 c5 4.cxd5 exd5 5.Nc3 Nc6 6.g3 Nf6 7.Bg2 Be7 8.O-O O-O
9.Bf4 cxd4 10.Nxd4 Bg4 11.h3 Be6 12.Ncb5 Qd7 13.Nxe6 fxe6 14.e4 Nb4 15.Nc7 Rad8
16.exd5 exd5 17.Re1 g5 18.Be5 Bc5 19.Qd2 Qf5 20.Kh2 Ne4 21.Rxe4 dxe4 22.Qc3 Nd3
23.Qc4+ Rf7 24.Bc3 Bxf2 25.Ne6 Re8 26.Ng7 Bxg3+ 27.Kg1 Qf2+ 0-1

[Event "2. Bundesliga Mitte 2010/11"]
[Site "Gleisdorf"]
[Date "2010.10.16"]
[Round "1"]
[Board "6"]
[White "Reiss, Georg"]
[Black "Wiesinger, Robert"]
[Result "0-1"]
[WhiteElo "2159"]
[BlackElo "2232"]
[PlyCount "62"]
[EventDate "2010.10.16"]
[EventType "team"]
[EventRounds "11"]
[EventCountry "AUT"]
[WhiteTeam "SV Raika Rapid Feffernitz"]
[BlackTeam "SV Steyregg"]

1.d4 d5 2.Nf3 c6 3.c4 e6 4.Nc3 dxc4 5.e4 b5 6.g3 Bb7 7.Bg2 Nf6 8.Qc2 Nbd7 9.O-O
Be7 10.Rd1 O-O 11.a4 a6 12.axb5 axb5 13.Bf4 Rxa1 14.Rxa1 Qb6 15.Rd1 h6 16.Qd2 b4
17.Ne2 Nxe4 18.Qc2 Ndf6 19.Qxc4 Ba6 20.Qc2 b3 21.Qb1 Bxe2 22.Re1 Bxf3 23.Bxf3
Nd6 24.Qd3 Nd5 25.Be5 Qb5 26.Qd1 Nc4 27.Be2 Qb4 28.Bxc4 Qxc4 29.Bxg7 Kxg7
30.Qg4+ Kh7 31.Qe4+ Kh8 0-1

[Event "2. Bundesliga Mitte 2010/11"]
[Site "Gleisdorf"]
[Date "2010.10.16"]
[Round "1"]
[Board "1"]
[White "Horvath, Csaba"]
[Black "Mohr, Georg"]
[Result "1-0"]
[WhiteElo "2529"]
[BlackElo "2511"]
[PlyCount "81"]
[EventDate "2010.10.16"]
[EventType "team"]
[EventRounds "11"]
[EventCountry "AUT"]
[WhiteTeam "SC Die Klagenfurter"]
[BlackTeam "Strassenbahn Graz"]

1.d4 d6 2.Nf3 Nf6 3.c4 g6 4.g3 Bg7 5.Bg2 O-O 6.O-O Nbd7 7.Nc3 e5 8.e4 a6 9.h3
Rb8 10.Be3 exd4 11.Nxd4 Re8 12.b3 c5 13.Nde2 b5 14.Qxd6 b4 15.Na4 Nxe4 16.Bxe4
Rxe4 17.Rad1 Qa5 18.Nf4 Re8 19.Qc6 Nf6 20.Rd6 Bb7 21.Qxc5 Qxc5 22.Nxc5 Ne4
23.Nxb7 Rxb7 24.Rxa6 Nxg3 25.fxg3 Rxe3 26.Ra8+ Bf8 27.Kg2 Kg7 28.Rf3 Re1 29.Rf1
Re3 30.Nd5 Rd3 31.Rf3 Rd2+ 32.Rf2 Rd3 33.Ra6 Bc5 34.Re2 Rd7 35.Nf6 Rd8 36.Rc6
Bd4 37.Nd5 Rd1 38.Nxb4 Rg1+ 39.Kh2 Rd1 40.Kg2 Bc3 41.Nd5 1-0

[Event "2. Bundesliga Mitte 2010/11"]
[Site "Gleisdorf"]
[Date "2010.10.16"]
[Round "1"]
[Board "2"]
[White "Petre, Nad-Titus"]
[Black "Pilaj, Herwig"]
[Result "1-0"]
[WhiteElo "2377"]
[BlackElo "2349"]
[PlyCount "189"]
[EventDate "2010.10.16"]
[EventType "team"]
[EventRounds "11"]
[EventCountry "AUT"]
[WhiteTeam "Strassenbahn Graz"]
[BlackTeam "SC Die Klagenfurter"]

1.c4 c5 2.Nc3 Nc6 3.g3 g6 4.Bg2 Bg7 5.Nf3 e5 6.O-O Nge7 7.a3 O-O 8.b4 e4 9.Ng5
f5 10.bxc5 Qa5 11.Rb1 Qxc5 12.Rb5 Qxc4 13.d3 Qxc3 14.Bb2 Qxb2 15.Rxb2 Bxb2
16.Qb3+ d5 17.Qxb2 Rb8 18.Qa2 Kg7 19.Qb2+ Kg8 20.h4 h6 21.Nh3 Be6 22.Rb1 Kh7
23.Qd2 Bg8 24.Qf4 b6 25.Rc1 Nd4 26.Bf1 Rbc8 27.Rc7 Rxc7 28.Qxc7 Ndc6 29.e3 Rc8
30.Qd6 Kg7 31.Nf4 Rd8 32.Ne6+ Bxe6 33.Qxe6 Rf8 34.dxe4 dxe4 35.Bb5 Rf6 36.Qd7
Kf8 37.Kg2 h5 38.Kf1 Kf7 39.Qc7 Kf8 40.Bc4 Ke8 41.Ke2 Kf8 42.Kd2 Ke8 43.Kc2 Kf8
44.Bb5 a6 45.Bf1 b5 46.Kb2 Re6 47.a4 Re5 48.Qb6 bxa4 49.Bxa6 Rd5 50.Bb5 Rd6
51.Qc7 Rd2+ 52.Ka3 Rc2 53.Bxa4 Rc1 54.Qd6 Kg7 55.Bb5 Rc3+ 56.Kb2 Rd3 57.Bxd3
exd3 58.Qe6 Kf8 59.Kc3 Nd8 60.Qf6+ Nf7 61.Kxd3 Ke8 62.Ke2 Nd8 63.Qh8+ Kd7 64.f3
Ne6 65.Qf6 Nd8 66.Qd4+ Ke8 67.Qe5 Kf7 68.e4 fxe4 69.Qxe4 Ne6 70.Kf2 Nf5 71.Qe5
Ne7 72.g4 hxg4 73.fxg4 Ng8 74.g5 Ng7 75.Qf4+ Ke8 76.Ke2 Nh5 77.Qe5+ Kf7 78.Qd5+
Kg7 79.Qd7+ Kf8 80.Ke3 Ne7 81.Ke4 Kf7 82.Qb7 Ng7 83.Qb3+ Kf8 84.Ke5 Ng8 85.Qf3+
Ke8 86.Qa8+ Kf7 87.Qb7+ Kf8 88.Kd6 Nf5+ 89.Ke6 Ng7+ 90.Kd7 Nh5 91.Qb2 Kf7 92.Qe5
Kf8 93.Qe6 Kg7 94.Ke8 Kh7 95.Kf8 1-0

[Event "2. Bundesliga Mitte 2010/11"]
[Site "Gleisdorf"]
[Date "2010.10.16"]
[Round "1"]
[Board "3"]
[White "Genser, Harald"]
[Black "Supancic, Darko"]
[Result "1/2-1/2"]
[WhiteElo "2281"]
[BlackElo "2354"]
[PlyCount "101"]
[EventDate "2010.10.16"]
[EventType "team"]
[EventRounds "11"]
[EventCountry "AUT"]
[WhiteTeam "SC Die Klagenfurter"]
[BlackTeam "Strassenbahn Graz"]

1.d4 d6 2.Nf3 Bg4 3.c4 c6 4.Nc3 Nd7 5.d5 Bxf3 6.exf3 Ngf6 7.Be2 g6 8.O-O Bg7
9.Be3 O-O 10.Qb3 Qc7 11.Rfd1 Rfe8 12.Rac1 a6 13.g4 Nc5 14.Qa3 a5 15.b3 Nfd7
16.Rc2 Rac8 17.Ne4 Nxe4 18.fxe4 cxd5 19.Rxd5 Nc5 20.Bf3 b6 21.Bg2 Rcd8 22.Qc1 e6
23.Rd1 e5 24.Bxc5 bxc5 25.a4 Rb8 26.Rd3 Rb6 27.Qd2 Ra6 28.Rf3 Qe7 29.g5 Rf8
30.Rcc3 Kh8 31.Rcd3 f5 32.gxf6 Bxf6 33.Qh6 Raa8 34.Qd2 Ra6 35.Qh6 Qg7 36.Qxg7+
Kxg7 37.Bh3 Kf7 38.Bd7 Ke7 39.Bb5 Rb6 40.Kg2 Rfb8 41.Rh3 h5 42.Rd1 Bg5 43.Rg1
Bf4 44.Kf3 Kf7 45.Ke2 Rh8 46.Rg2 g5 47.Rd3 Ke7 48.h3 Rbb8 49.f3 Rbg8 50.Rg1 Rh6
51.Bc6 1/2-1/2

[Event "2. Bundesliga Mitte 2010/11"]
[Site "Gleisdorf"]
[Date "2010.10.16"]
[Round "1"]
[Board "4"]
[White "Krebs, Johann"]
[Black "Petschar, Kurt"]
[Result "1-0"]
[WhiteElo "2234"]
[BlackElo "2304"]
[PlyCount "45"]
[EventDate "2010.10.16"]
[EventType "team"]
[EventRounds "11"]
[EventCountry "AUT"]
[WhiteTeam "Strassenbahn Graz"]
[BlackTeam "SC Die Klagenfurter"]

1.d4 d5 2.c4 c6 3.Nf3 Nf6 4.Nc3 e6 5.Bg5 h6 6.Bh4 g5 7.Bg3 dxc4 8.Ne5 b5 9.e3
Bb7 10.Be2 Nbd7 11.a4 a6 12.h4 Bb4 13.Nxd7 Kxd7 14.Be5 gxh4 15.Bf3 Rg8 16.axb5
axb5 17.Rxa8 Bxa8 18.Qa1 Nd5 19.Qa7+ Nc7 20.Rxh4 Qxh4 21.Bxc7 Qh1+ 22.Ke2 Kc8
23.Be5 1-0

[Event "2. Bundesliga Mitte 2010/11"]
[Site "Gleisdorf"]
[Date "2010.10.16"]
[Round "1"]
[Board "5"]
[White "Titz, Heimo"]
[Black "Pesorda, Ivan"]
[Result "1/2-1/2"]
[WhiteElo "2225"]
[BlackElo "2273"]
[PlyCount "61"]
[EventDate "2010.10.16"]
[EventType "team"]
[EventRounds "11"]
[EventCountry "AUT"]
[WhiteTeam "SC Die Klagenfurter"]
[BlackTeam "Strassenbahn Graz"]

1.c4 c5 2.g3 Nc6 3.Bg2 g6 4.Nc3 Bg7 5.a3 d6 6.d3 e6 7.h4 h6 8.Nh3 e5 9.Bd2 Nge7
10.Rb1 O-O 11.b4 Rb8 12.b5 Nd4 13.e3 Ne6 14.f4 Nf5 15.Qf3 exf4 16.Nxf4 Nxf4
17.gxf4 Nxh4 18.Qf2 Nxg2+ 19.Qxg2 h5 20.Kd1 Bg4+ 21.Kc2 Qd7 22.Nd5 a6 23.Bc3 Qd8
24.bxa6 Bxc3 25.Nxc3 bxa6 26.Rxb8 Qxb8 27.Rb1 Qd8 28.Qc6 Qh4 29.Qg2 Qd8 30.Qc6
Qh4 31.Qg2 1/2-1/2

[Event "2. Bundesliga Mitte 2010/11"]
[Site "Gleisdorf"]
[Date "2010.10.16"]
[Round "1"]
[Board "6"]
[White "Schink, Barbara"]
[Black "Wertjanz, David"]
[Result "1/2-1/2"]
[WhiteElo "2025"]
[BlackElo "2209"]
[PlyCount "84"]
[EventDate "2010.10.16"]
[EventType "team"]
[EventRounds "11"]
[EventCountry "AUT"]
[WhiteTeam "Strassenbahn Graz"]
[BlackTeam "SC Die Klagenfurter"]

1.e4 d5 2.exd5 Nf6 3.d4 Nxd5 4.c4 Nb6 5.Nf3 g6 6.c5 Nd5 7.Bc4 Bg7 8.Qb3 e6 9.Nc3
Nc6 10.Nxd5 exd5 11.Bxd5 O-O 12.Bxc6 bxc6 13.O-O Be6 14.Qd3 Qd7 15.Bf4 Rfd8
16.Rfd1 Rab8 17.b3 Rb4 18.Qd2 a5 19.h3 Bd5 20.Ne5 Qf5 21.Bg3 Bxg2 22.Kxg2 Rbxd4
23.Qxd4 Rxd4 24.Rxd4 Bxe5 25.Bxe5 Qxe5 26.Rad1 Qxc5 27.R1d3 Qc2 28.Rd2 Qf5
29.R4d3 h5 30.Kf1 Qe4 31.Rc3 Qh1+ 32.Ke2 Qe4+ 33.Re3 Qb4 34.Rc2 c5 35.Rec3 Qe4+
36.Kf1 h4 37.Kg1 Qe1+ 38.Kh2 Qe5+ 39.Kg1 Qe1+ 40.Kg2 Qe4+ 41.Kh2 Qe5+ 42.Kg2
Qe4+ 1/2-1/2

[Event "2. Bundesliga Mitte 2010/11"]
[Site "Gleisdorf"]
[Date "2010.10.16"]
[Round "1"]
[Board "1"]
[White "Tratar, Marko"]
[Black "Danner, Georg"]
[Result "1/2-1/2"]
[WhiteElo "2475"]
[BlackElo "2422"]
[PlyCount "78"]
[EventDate "2010.10.16"]
[EventType "team"]
[EventRounds "11"]
[EventCountry "AUT"]
[WhiteTeam "SK MPOE Maria Saal"]
[BlackTeam "UNION Styria Graz Kleine Zeitung"]

1.d4 Nf6 2.Nf3 e6 3.c4 d5 4.g3 dxc4 5.Bg2 a6 6.O-O Nc6 7.Bg5 Be7 8.e3 Bd7 9.Nbd2
b5 10.Ne5 Nxe5 11.Bxa8 Nd3 12.Bxf6 Bxf6 13.Be4 Nxb2 14.Qc2 Na4 15.Rac1 g6
16.Nxc4 bxc4 17.Qxc4 O-O 18.Qxa6 Be7 19.Bc6 Nb6 20.a4 Bxc6 21.Rxc6 Nd5 22.Qb7
Qa8 23.Qxa8 Rxa8 24.Ra1 Ra7 25.Kg2 Kf8 26.e4 Nb4 27.Rc4 Ke8 28.Rb1 Na6 29.Rb5
Kd7 30.h4 h5 31.d5 exd5 32.exd5 Nc5 33.Rbxc5 Bxc5 34.Rxc5 Kd6 35.Rc1 Kxd5
36.Rd1+ Ke6 37.Re1+ Kd6 38.Rd1+ Ke6 39.Re1+ Kd6 1/2-1/2

[Event "2. Bundesliga Mitte 2010/11"]
[Site "Gleisdorf"]
[Date "2010.10.16"]
[Round "1"]
[Board "2"]
[White "Stagl, Marco"]
[Black "Kreisl, Robert"]
[Result "0-1"]
[WhiteElo "2112"]
[BlackElo "2376"]
[PlyCount "142"]
[EventDate "2010.10.16"]
[EventType "team"]
[EventRounds "11"]
[EventCountry "AUT"]
[WhiteTeam "UNION Styria Graz Kleine Zeitung"]
[BlackTeam "SK MPOE Maria Saal"]

1.d4 d5 2.Nf3 Nf6 3.c4 dxc4 4.e3 Bg4 5.Bxc4 e6 6.Nc3 a6 7.h3 Bh5 8.g4 Bg6 9.Ne5
Nbd7 10.Nxg6 hxg6 11.g5 Ng8 12.e4 Nb6 13.Be2 c5 14.Be3 cxd4 15.Qxd4 Qxd4 16.Bxd4
Nd7 17.f4 Ne7 18.Kf2 Nc6 19.Be3 Bc5 20.Rad1 Bxe3+ 21.Kxe3 Ke7 22.Rh2 Nb6 23.Bf1
Rac8 24.Rhd2 Na5 25.Kf2 Rc7 26.Rc1 Rd8 27.Rxd8 Kxd8 28.b3 Nc6 29.Nb1 e5 30.fxe5
Nxe5 31.Rxc7 Kxc7 32.Ke3 Kd6 33.Nc3 Nbd7 34.b4 Nf8 35.Be2 Ne6 36.h4 Nc6 37.b5
axb5 38.Nxb5+ Kc5 39.Bd3 Ne5 40.Be2 Nc6 41.Nc3 Ne5 42.Nd5 Nd4 43.Bd1 Nc4+ 44.Kf4
Ne6+ 45.Kg3 Nd2 46.Nf4 Nxe4+ 47.Kf3 Nd2+ 48.Kg4 Nxf4 49.Kxf4 Kd4 50.Ba4 Nc4
51.Bd7 Nd6 52.a4 Kd5 53.Bg4 b6 54.Bd7 Kd4 55.Bg4 Kd5 56.Bd7 Kc5 57.Ke5 Nc4+
58.Ke4 Nd6+ 59.Ke5 Nc4+ 60.Ke4 f6 61.gxf6 gxf6 62.Kf4 Ne5 63.Be8 Kd4 64.h5 Nd3+
65.Kg4 gxh5+ 66.Kf5 h4 67.Kxf6 Ne5 68.Bb5 h3 69.Bf1 h2 70.Bg2 Ng4+ 71.Ke6 Kc5 0-1

[Event "2. Bundesliga Mitte 2010/11"]
[Site "Gleisdorf"]
[Date "2010.10.16"]
[Round "1"]
[Board "3"]
[White "Schachinger, Mario"]
[Black "Manhardt, Thomas"]
[Result "1-0"]
[WhiteElo "2356"]
[BlackElo "2121"]
[PlyCount "85"]
[EventDate "2010.10.16"]
[EventType "team"]
[EventRounds "11"]
[EventCountry "AUT"]
[WhiteTeam "SK MPOE Maria Saal"]
[BlackTeam "UNION Styria Graz Kleine Zeitung"]

1.Nf3 f5 2.g3 Nf6 3.b3 g6 4.Bb2 Bg7 5.Bg2 d6 6.d4 O-O 7.O-O c6 8.c4 h6 9.Nc3 Qe8
10.Qc2 e5 11.dxe5 dxe5 12.e4 f4 13.gxf4 exf4 14.e5 Bf5 15.Qe2 Ng4 16.Rfe1 Nd7
17.Na4 Qe7 18.h3 h5 19.e6 Ndf6 20.hxg4 hxg4 21.Nd4 f3 22.Nxf5 gxf5 23.Qd3 Ne4
24.Qd7 Qxd7 25.exd7 Bxb2 26.Nxb2 fxg2 27.Nd3 Rf7 28.Ne5 Re7 29.Rad1 Rd8 30.Nxg4
fxg4 31.Rd4 g3 32.fxg3 Rdxd7 33.Rexe4 Rxd4 34.Rxe7 Rd2 35.a4 Rd3 36.Rxb7 Rxg3
37.b4 Rg4 38.Rxa7 Rxc4 39.Rb7 Rc2 40.a5 Ra2 41.Rc7 Ra4 42.Kxg2 Rxb4 43.a6 1-0

[Event "2. Bundesliga Mitte 2010/11"]
[Site "Gleisdorf"]
[Date "2010.10.16"]
[Round "1"]
[Board "4"]
[White "Kozomara, David"]
[Black "Halvax, Georg"]
[Result "1/2-1/2"]
[WhiteElo "1935"]
[BlackElo "2269"]
[PlyCount "76"]
[EventDate "2010.10.16"]
[EventType "team"]
[EventRounds "11"]
[EventCountry "AUT"]
[WhiteTeam "UNION Styria Graz Kleine Zeitung"]
[BlackTeam "SK MPOE Maria Saal"]

1.e4 c5 2.Nf3 e6 3.d4 cxd4 4.Nxd4 Nf6 5.Nc3 Nc6 6.Be3 Bb4 7.Bd3 d5 8.Nxc6 bxc6
9.exd5 exd5 10.a3 Bd6 11.Qd2 O-O 12.O-O-O Be6 13.f3 Qe7 14.Nb1 Rfb8 15.Bf4 Qb7
16.b3 Bxf4 17.Qxf4 c5 18.Bf5 c4 19.b4 a5 20.c3 axb4 21.cxb4 c3 22.Bxe6 fxe6
23.Rd3 Rc8 24.Kc2 Qa6 25.Rxc3 Qa4+ 26.Kd2 Rxc3 27.Nxc3 Qxa3 28.Rc1 e5 29.Qxe5
Qxb4 30.Rb1 Qf8 31.Qe6+ Kh8 32.Rb7 Re8 33.Qf7 Qxf7 34.Rxf7 Rb8 35.Kc2 Kg8 36.Ra7
Re8 37.Kd2 Rb8 38.Kc2 Re8 1/2-1/2